<?xml version="1.0" encoding="UTF-8"?>
<record
    xmlns:xsi="http://www.w3.org/2001/XMLSchema-instance"
    xsi:schemaLocation="http://www.loc.gov/MARC21/slim http://www.loc.gov/standards/marcxml/schema/MARC21slim.xsd"
    xmlns="http://www.loc.gov/MARC21/slim">

  <leader>01407nab a2200289uuc4500</leader>
  <controlfield tag="001">1219464</controlfield>
  <controlfield tag="005">20240906091203.0</controlfield>
  <controlfield tag="008">101008e20101008                    spa  </controlfield>
  <datafield tag="035" ind1=" " ind2=" ">
    <subfield code="a">1219464</subfield>
  </datafield>
  <datafield tag="035" ind1=" " ind2=" ">
    <subfield code="a">(OCoLC)820563780</subfield>
  </datafield>
  <datafield tag="040" ind1=" " ind2=" ">
    <subfield code="c">comduadb</subfield>
  </datafield>
  <datafield tag="041" ind1=" " ind2=" ">
    <subfield code="a">spa</subfield>
  </datafield>
  <datafield tag="100" ind1="1" ind2="0">
    <subfield code="a">Gonz&#xE1;lez Montero, Sebasti&#xE1;n Alejandro</subfield>
    <subfield code="4">aut</subfield>
    <subfield code="0">(viaf)169181070</subfield>
    <subfield code="e">aut</subfield>
    <subfield code="9">446738</subfield>
  </datafield>
  <datafield tag="245" ind1="1" ind2="0">
    <subfield code="a">Pragm&#xE1;tico y semi&#xF3;tica. Palabras, cosas, personas</subfield>
  </datafield>
  <datafield tag="260" ind1=" " ind2=" ">
    <subfield code="c">2010.</subfield>
  </datafield>
  <datafield tag="520" ind1="3" ind2=" ">
    <subfield code="a">RESUMEN : El articulo presenta el tema de los regimenes de signo en las reflexiones de Deleuze y Guattari en la clave de los conceptos de plano de expresion y plano de contenido, de maquina abstracta y agenciamiento colectivos.  La hipotesis es que los regimenes de signos suponen cierta estrategia pragmatica que sirve para ampliar la perspectiva del analisis de los actos de habla y de las condiciones de enunciacion.</subfield>
  </datafield>
  <datafield tag="650" ind1=" " ind2="7">
    <subfield code="a">Pragm&#xE1;tica</subfield>
    <subfield code="2">lemb</subfield>
    <subfield code="9">61</subfield>
  </datafield>
  <datafield tag="650" ind1=" " ind2=" ">
    <subfield code="a">Semi&#xF3;tica (Ling&#xFC;&#xED;stica)</subfield>
    <subfield code="9">165310</subfield>
  </datafield>
  <datafield tag="650" ind1=" " ind2=" ">
    <subfield code="a">Deleuze, Gilles, 1925-1995</subfield>
    <subfield code="9">164985</subfield>
  </datafield>
  <datafield tag="650" ind1=" " ind2=" ">
    <subfield code="a">Guattari, F&#xE9;lix, 1930-1992</subfield>
    <subfield code="9">24350</subfield>
  </datafield>
  <datafield tag="650" ind1=" " ind2=" ">
    <subfield code="a">Signo ling&#xFC;&#xED;stico</subfield>
    <subfield code="9">34655</subfield>
  </datafield>
  <datafield tag="650" ind1=" " ind2=" ">
    <subfield code="a">Lenguaje</subfield>
    <subfield code="9">17640</subfield>
  </datafield>
  <datafield tag="650" ind1=" " ind2="7">
    <subfield code="a">Socioling&#xFC;&#xED;stica</subfield>
    <subfield code="2">lemb</subfield>
    <subfield code="9">38086</subfield>
  </datafield>
  <datafield tag="650" ind1=" " ind2="7">
    <subfield code="a">Socioling&#xFC;&#xED;stica</subfield>
    <subfield code="2">lemb</subfield>
    <subfield code="9">38086</subfield>
  </datafield>
  <datafield tag="773" ind1="0" ind2=" ">
    <subfield code="t">Guillermo de Ockham : Revista Cient&#xED;fica (Cali)</subfield>
    <subfield code="g">Volumen 08, N&#xFA;mero 01, Enero-Junio 2010, p. 131-144</subfield>
    <subfield code="w">896931</subfield>
    <subfield code="z">1794192X</subfield>
    <subfield code="0">324544</subfield>
  </datafield>
  <datafield tag="942" ind1=" " ind2=" ">
    <subfield code="c">ARIMP</subfield>
  </datafield>
  <datafield tag="999" ind1=" " ind2=" ">
    <subfield code="c">565234</subfield>
    <subfield code="d">565234</subfield>
  </datafield>
</record>
